Franz Boas : Le travail du regard (notice n° 2198439)
[ vue normale ]
| 000 -LEADER | |
|---|---|
| fixed length control field | 01284cam a2200145 4500500 |
| 005 - DATE AND TIME OF LATEST TRANSACTION | |
| control field | 20260405085539.0 |
| 041 ## - LANGUAGE CODE | |
| Language code of text/sound track or separate title | fre |
| 042 ## - AUTHENTICATION CODE | |
| Authentication code | dc |
| 100 10 - MAIN ENTRY--PERSONAL NAME | |
| Personal name | Espagne, Michel |
| Relator term | author |
| 245 00 - TITLE STATEMENT | |
| Title | Franz Boas : Le travail du regard |
| 260 ## - PUBLICATION, DISTRIBUTION, ETC. | |
| Name of publisher, distributor, etc. | Armand Colin,<br/> |
| Date of publication, distribution, etc. | 2013.<br/> |
| 520 ## - SUMMARY, ETC. | |
| Summary, etc. | Grande figure oubliée de l’émigration scientifique allemande, pionnier de l’ethnographie de terrain et père fondateur de l’anthropologie américaine, Franz Boas (Minden, 1859 – New York, 1942) fait l’objet, depuis quelques années, d’une véritable redécouverte, aux États-Unis comme en Europe. Les travaux de Boas et ses élèves sur les langues indiennes, les structures sociales et religieuses, l’art et ses motifs décoratifs – mais aussi sur les mythologies, les modalités des échanges culturels et économiques (le potlatch), leurs innovations iconographiques (usage de la photographie et du dessin) – commencent à être réévalués dans toute leur richesse et leur inventivité, révélant l’engagement de celui qui fut l’un des premiers défenseurs des minorités indiennes et un pourfendeur inlassable du racisme. |
| 700 10 - ADDED ENTRY--PERSONAL NAME | |
| Personal name | Kalinowski, Isabelle |
| Relator term | author |
| 856 41 - ELECTRONIC LOCATION AND ACCESS | |
| Uniform Resource Identifier | <a href="https://shs.cairn.info/franz-boas--9782200285470?lang=fr&redirect-ssocas=7080">https://shs.cairn.info/franz-boas--9782200285470?lang=fr&redirect-ssocas=7080</a> |
Pas d'exemplaire disponible.




Réseaux sociaux